00433nam a22001577a 4500003000200000005001700002008004100019020002200060050002100082100002300103245005700126260004100183300002300224500001400247650001400261020230925074610.0230925b xxu||||| |||| 00| 0 eng d a978-1-250-75963-4 aPZ 7b.F75 2020  aForester, Victoria aThe girl who fell out of the skycForester, Victoria aNew YorkbFeiwel and Friendscc2020. a328 pages ;c21cm. aFiction.  aFiction.